Sejarah Sabah

Bibliographic Details
Main Author: Buyong Adil
Format: Book
Published: Kuala Lumpur : Dewan Bahasa dan Pustaka , 2019
Subjects:

MARC

LEADER 00000cam a2200000 7i4500
001 0000242513
005 20200907121544.0
020 |a 9789834922733 
090 0 0 |a 959.521   |b BUY 
100 0 |a Buyong Adil 
245 1 0 |a Sejarah Sabah   |c Buyong Adil 
260 |a Kuala Lumpur :   |b Dewan Bahasa dan Pustaka ,   |c 2019 
300 |a 97p. ;   |c 21cm. 
650 0 |a Government publications   |z Malaysia 
651 0 |a Sabah (Malaysia)   |x History 
999 |a 00376890   |b BUKU   |c MALAYSIANA   |e PERPUSTAKAAN KOMUNITI PETALING JAYA